Stuffed Word Scramble- Countries - Statistics

General Stats
  • This quiz has been taken 16 times
  • The average score is 15 of 24
Answer Stats
Hint Answer % Correct
Napichanja Inner China
100%
Outer Japan
100%
Meyzarilbne Inner Brazil
87%
Nomasoama Inner Samoa
87%
Outer Kenya
80%
Yakilamen Inner Mali
80%
Outer Oman
80%
Outer Bhutan
73%
Outer France
73%
Tanplanehub Inner Nepal
73%
Outer Yemen
73%
Oxoxgulbremumice Inner Luxembourg
60%
Cranemivnatef Inner Vietnam
60%
Ralgraliubasei Inner Bulgaria
53%
Outer Mexico
53%
Licezanatinah Inner Tanzania
53%
Kovaszkibetunalisa Inner Uzbekistan
53%
Outer Chile
47%
Suniagrandeamer Inner Grenada
47%
Outer Israel
47%
Outer Slovakia
47%
Outer Suriname
33%
Outer Saudi Arabia
20%
Abusrairrelenoasiadia Inner Sierra Leone
20%
No matching quizzes found
Score Distribution
Percent of People with Each Score
Percentile by Number Answered
Your Score History
You have not taken this quiz